000 01361nam a2200301 a 4500
001 ebr10194677
003 CaPaEBR
006 m u
007 cr cn|||||||||
008 020613s2002 ilua sbf 001 0 eng c
020 _z0838908179 (alk. paper)
040 _aCaPaEBR
_cCaPaEBR
035 _a(OCoLC)647667297
050 1 4 _aZ717
_b.K35 2002eb
100 1 _aKalfatovic, Martin R.,
_d1961-
245 1 0 _aCreating a winning online exhibition
_h[electronic resource] :
_ba guide for libraries, archives, and museums /
_cMartin R. Kalfatovic.
260 _aChicago :
_bAmerican Library Association,
_c2002.
300 _axvii, 117 p. :
_bill.
504 _aIncludes bibliographical references (p. 111-114) and index.
533 _aElectronic reproduction.
_bPalo Alto, Calif. :
_cebrary,
_d2013.
_nAvailable via World Wide Web.
_nAccess may be limited to ebrary affiliated libraries.
650 0 _aLibrary exhibits
_xDesign
_vHandbooks, manuals, etc.
650 0 _aLibrary Web sites
_xDesign
_vHandbooks, manuals, etc.
650 0 _aWeb sites
_xDesign
_vHandbooks, manuals, etc.
650 0 _aLibraries
_xPublic relations
_vHandbooks, manuals, etc.
655 7 _aElectronic books.
_2local
710 2 _aebrary, Inc.
856 4 0 _uhttp://site.ebrary.com/lib/rucke/Doc?id=10194677
_zAn electronic book accessible through the World Wide Web; click to view
999 _c114063
_d114063